MARC

LEADER 00000nam0a2200000 4500
001 273226
005 20231101234617.0
010 |a 354015048X 
010 |a 0-387-15048-X 
035 |a (RuTPU)RU\TPU\book\296435 
090 |a 273226 
100 |a 20141024d1986 k y0gery50 ba 
101 0 |a ger 
102 |a DE 
105 |a a z 000zy 
200 1 |a Elektrochemische Analytik  |f G. Henze, R. Neeb 
210 |a Berlin  |c Springer-Verlag  |d 1986 
215 |a 383 с.  |c il. 
606 1 |a Электрохимический анализ  |2 stltpush  |3 (RuTPU)RU\TPU\subj\21012  |9 46064 
610 1 |a электрохимия 
610 1 |a аналитическая химия 
610 1 |a методы 
610 1 |a исследования 
610 1 |a аппаратура 
610 1 |a немецкий язык 
675 |a 543.55  |v 3 
700 1 |a Henze  |b G.  |g Günter 
701 1 |a Neeb  |b R.  |g Rolf 
801 1 |a RU  |b 63413507  |c 20141024 
801 2 |a RU  |b 63413507  |c 20170111  |g RCR 
942 |c BK